000 01466cam a2200325 a 4500
001 3576223
003 OSt
005 20180117085953.0
008 990512s2000 caua b 001 0 eng
010 _a 99030186
020 _a0534368190
040 _aDLC
_cDLC
_dDLC
050 0 0 _aBF723.P4
_bS48 2000
082 0 0 _a155.4/18
_221
100 1 _aShaffer, David R.
_q(David Reed),
_d1946-
245 1 0 _aSocial and personality development /
_cDavid R. Shaffer.
250 _a4th ed.
260 _aBelmont, CA :
_bWadsworth Pub.,
_cc2000.
300 _axxv, 565 p. :
_bill. ;
_c27 cm.
504 _aIncludes bibliographical references (p. 492-532) and indexes.
650 0 _aPersonality development
_vTextbooks.
650 0 _aSocialization
_vTextbooks.
856 4 2 _3Contributor biographical information
_uhttp://www.loc.gov/catdir/enhancements/fy1515/99030186-b.html
856 4 2 _3Publisher description
_uhttp://www.loc.gov/catdir/enhancements/fy1515/99030186-d.html
856 4 1 _3Table of contents only
_uhttp://www.loc.gov/catdir/enhancements/fy1515/99030186-t.html
906 _a7
_bcbc
_corignew
_d1
_eocip
_f19
_gy-gencatlg
942 _2ddc
_cBK
999 _c2957
_d2957